Online
Catalog

Malas palabras y otros cuentos. / (Record no. 54048)

MARC details
000 -CABECERA
campo de control de longitud fija 01797nam a2200361 i 4500
003 - IDENTIFICADOR DEL NÚMERO DE CONTROL
campo de control DO-SdBNP
005 - FECHA Y HORA DE LA ÚLTIMA TRANSACCIÓN
campo de control 20260508083256.0
006 - CÓDIGOS DE INFORMACIÓN DE LONGITUD FIJA--CARACTERÍSTICAS DEL MATERIAL ADICIONAL
campo de control de longitud fija a||||er|||| 00| 0
007 - CAMPO FIJO DE DESCRIPCIÓN FÍSICA--INFORMACIÓN GENERAL
campo de control de longitud fija ta
008 - DATOS DE LONGITUD FIJA--INFORMACIÓN GENERAL
campo de control de longitud fija 230703e2020 dr a|||| |||| 00| j spa d
020 ## - NÚMERO INTERNACIONAL ESTÁNDAR DEL LIBRO
Número Internacional Estándar del Libro 9789945616606
040 ## - FUENTE DE LA CATALOGACIÓN
Centro catalogador/agencia de origen DO-SdBNP
Lengua de catalogación spa
Centro/agencia transcriptor BNPHU
Normas de descripción rda
082 #1 - NÚMERO DE LA CLASIFICACIÓN DECIMAL DEWEY
Número de edición 22
Número de documento/Ítem M238p
245 00 - MENCIÓN DE TÍTULO
Título Malas palabras y otros cuentos. /
Mención de responsabilidad, etc. Katherin Natividad...[y otros]; fotografía de portada: Nelson Guzmán.
264 #4 - PRODUCCIÓN, PUBLICACIÓN, DISTRIBUCIÓN, FABRICACIÓN Y COPYRIGHT
Producción, publicación, distribución, fabricación y copyright Santo Domingo :
Nombre del de productor, editor, distribuidor, fabricante Funglode,
Fecha de producción, publicación, distribución, fabricación o copyright ©2020
300 ## - DESCRIPCIÓN FÍSICA
Extensión 75 páginas ;
Dimensiones 23 cm
336 ## - TIPO DE CONTENIDO
Fuente rdaconten
Término de tipo de contenido texto
Código de tipo de contenido txt
337 ## - TIPO DE MEDIO
Fuente rdamedia
Nombre/término del tipo de medio sin medición
Código del tipo de medio n
338 ## - TIPO DE SOPORTE
Fuente rdacarrier
Nombre/término del tipo de soporte volumen
Código del tipo de soporte nc
500 ## - NOTA GENERAL
Nota general Fotografía de portada: Presa de Higüey, foto de Nelson Guzmán, primer lugar en la categoría Dron del Premio Funglode de Fotografías Rodríguez Urdaneta 2019.
505 ## - NOTA DE CONTENIDO CON FORMATO
Nota de contenido con formato Primer lugar.
Mención de responsabilidad Malas Palabras. /
-- Katherine Natividad.--
Información miscelánea Segundo lugar. /
Título Mujer de las Antillas. /
Mención de responsabilidad Esdras Santana.--
Información miscelánea Tercer lugar.
Título Quiero vender este reloj. /
Mención de responsabilidad Jhaky Valcourt.--
Información miscelánea Menciones.
Título En el umbral de las memorias. /
Mención de responsabilidad Rafi Sánchez.--
Título La misión. /
Mención de responsabilidad Valentín Amaro.--
Título Basura. /
Mención de responsabilidad Patricia Otero.
586 ## - NOTA DE PREMIOS
Nota de premios Premio Funglode de Cuento Juan Bosch 2019
590 ## - NOTA LOCAL (RLIN)
Nota local Inventariado 2023 / MF
700 1# - PUNTO DE ACCESO ADICIONAL--NOMBRE DE PERSONA
Nombre de persona Natividad, Katherine
9 (RLIN) 83661
Término indicativo de función/relación autora
Título de la obra Malas Palabras.
700 1# - PUNTO DE ACCESO ADICIONAL--NOMBRE DE PERSONA
Nombre de persona Santana, Esdras
9 (RLIN) 83662
Término indicativo de función/relación autor
Título de la obra Mujer de las Antilla.
700 ## - PUNTO DE ACCESO ADICIONAL--NOMBRE DE PERSONA
Nombre de persona Valcourt, Jhak
Término indicativo de función/relación autor
Título de la obra Quiero Vender este Reloj.
9 (RLIN) 83663
700 1# - PUNTO DE ACCESO ADICIONAL--NOMBRE DE PERSONA
Nombre de persona Sánchez, Rafi,
9 (RLIN) 83664
Término indicativo de función/relación autor
Título de la obra En el umbral de las memorias.
700 1# - PUNTO DE ACCESO ADICIONAL--NOMBRE DE PERSONA
9 (RLIN) 12295
Nombre de persona Amaro, Valentín
Término indicativo de función/relación autor
Título de la obra La misión
700 1# - PUNTO DE ACCESO ADICIONAL--NOMBRE DE PERSONA
Nombre de persona Otero, Patricia
9 (RLIN) 83665
Término indicativo de función/relación autora
Título de la obra Basura.
700 1# - PUNTO DE ACCESO ADICIONAL--NOMBRE DE PERSONA
9 (RLIN) 17133
Nombre de persona Guzman, Nelson,
Término indicativo de función/relación fotografía de portada
710 2# - PUNTO DE ACCESO ADICIONAL--NOMBRE DE ENTIDAD CORPORATIVA
Nombre de entidad corporativa o nombre de jurisdicción como elemento de entrada Fundación Global Democracía y Desarrollo
9 (RLIN) 25477
942 ## - ELEMENTOS DE PUNTO DE ACCESO ADICIONAL (KOHA)
Fuente del sistema de clasificación o colocación Dewey Decimal Classification
Tipo de ítem Koha Libro
Holdings
Estado de retiro Estado de pérdida Fuente del sistema de clasificación o colocación Restricciones de uso No para préstamo Código de colección Localización permanente Ubicación/localización actual Ubicación en estantería Fecha de adquisición Fuente de adquisición Total de préstamos Signatura topográfica completa Código de barras Fecha visto por última vez Precio válido a partir de Tipo de ítem Koha Número de copia
    Dewey Decimal Classification Excluido de préstamo   Patrimonio Dominicano Biblioteca Nacional Pedro Henríquez Ureña Biblioteca Nacional Pedro Henríquez Ureña En catalogación 27.07.2022 Depósito legal / Funglode   M238p 2023-2969 03.07.2023 03.07.2023 Libro  
    Dewey Decimal Classification Excluido de préstamo   Patrimonio Dominicano Biblioteca Nacional Pedro Henríquez Ureña Biblioteca Nacional Pedro Henríquez Ureña En catalogación 27.07.2022 Depósito legal / Funglode   M238p 2023-2970 03.07.2023 03.07.2023 Libro e.2
    Dewey Decimal Classification Préstamo en sala   Dominicana de Servicio Biblioteca Nacional Pedro Henríquez Ureña Biblioteca Nacional Pedro Henríquez Ureña En catalogación 27.03.2024 Depósito Legal / FUNGLODE   M238p 2023-5006 21.07.2023 21.07.2023 Libro e.3

Powered by Koha